SPSS STATISTICS VERSION 22: A PRACTICAL GUIDE (Record no. 215977)
[ view plain ]
| 000 -LEADER | |
|---|---|
| fixed length control field | 00527nam a22001697a 4500 |
| 008 - FIXED-LENGTH DATA ELEMENTS--GENERAL INFORMATION | |
| fixed length control field | 250730b |||||||| |||| 00| 0 eng d |
| 020 ## - INTERNATIONAL STANDARD BOOK NUMBER | |
| International Standard Book Number | 978-0-17034897-3 |
| 100 ## - MAIN ENTRY--PERSONAL NAME | |
| Personal name | ALLEN PETER |
| 245 ## - TITLE STATEMENT | |
| Title | SPSS STATISTICS VERSION 22: A PRACTICAL GUIDE |
| 260 ## - PUBLICATION, DISTRIBUTION, ETC. | |
| Place of publication, distribution, etc. | SOUTH MELBOURNE, |
| Name of publisher, distributor, etc. | CENGAGE, |
| Date of publication, distribution, etc. | 2014, |
| 300 ## - PHYSICAL DESCRIPTION | |
| Extent | XIV,308P. |
| 500 ## - GENERAL NOTE | |
| General note | INCLUDES BIBLIOGRAPHICAL REFERENCES AND INDEX |
| 650 ## - SUBJECT ADDED ENTRY | |
| Topical term or geographic name entry element | SOCIAL SCIENCES -STATISTCAL METHODS |
| 700 ## - ADDED ENTRY--PERSONAL NAME | |
| Personal name | BENNETT KELLIE |
| -- | HERITAGE BRODY |
| 942 ## - ADDED ENTRY ELEMENTS (KOHA) | |
| Source of classification or shelving scheme | Library of Congress Classification |
| Koha item type | Long Loan Book |
| Withdrawn status | Lost status | Source of classification or shelving scheme | Damaged status | Not for loan | Collection | Home library | Current library | Shelving location | Date acquired | Inventory number | Total checkouts | Full call number | Barcode | Date last seen | Copy number | Price effective from | Koha item type |
|---|---|---|---|---|---|---|---|---|---|---|---|---|---|---|---|---|---|
| Library of Congress Classification | Business & Economics | Kisii University Library | Kisii University Library | On Display | 07/30/2025 | 109360 | HA 32 .A45 2014 | 000000024379 | 07/30/2025 | 1 | 07/30/2025 | Long Loan Book | |||||
| Library of Congress Classification | Business & Economics | Kisii University Library | Kisii University Library | On Display | 07/30/2025 | 109361 | HA 32 .A45 2014 | 000000024378 | 07/30/2025 | 2 | 07/30/2025 | Long Loan Book | |||||
| Library of Congress Classification | Business & Economics | Kisii University Library | Kisii University Library | On Display | 07/30/2025 | 109362 | HA 32 .A45 2014 | 000000024366 | 07/30/2025 | 3 | 07/30/2025 | Long Loan Book | |||||
| Library of Congress Classification | Business & Economics | Kisii University Library | Kisii University Library | On Display | 07/30/2025 | 109363 | HA 32 .A45 2014 | 000000024367 | 07/30/2025 | 4 | 07/30/2025 | Long Loan Book | |||||
| Library of Congress Classification | Business & Economics | Kisii University Library | Kisii University Library | On Display | 07/30/2025 | 109364 | HA 32 .A45 2014 | 000000024368 | 07/30/2025 | 5 | 07/30/2025 | Long Loan Book |